| 000 | 00632nam a2200241Ia 4500 | ||
|---|---|---|---|
| 003 | OSt | ||
| 005 | 20220916110950.0 | ||
| 006 | a|||||r|||| 00| 0 | ||
| 007 | ta | ||
| 008 | 220915b |||||||| |||| 00| 0 eng d | ||
| 024 | _a40005 | ||
| 037 | _cTextbook | ||
| 040 |
_beng _aARTS _cARTS |
||
| 041 | _aeng | ||
| 082 | _aO13:2xD, K7 (TTO) | ||
| 100 | _aLucas F L | ||
| 245 | 0 | _aGreek drama for the common reader | |
| 260 |
_aLondon _bChatto and Windus UK |
||
| 300 |
_axxv,454p. _ccm. |
||
| 650 | _aENGLISH LITERATURE | ||
| 942 |
_hO13:2xD, K7 (TTO) _cTB _2CC |
||
| 999 |
_c102416 _d102416 |
||